Store presentation & design. No. 4 /

Bibliographic Details
Main Author: Pegler, Martin M.
Format: Book
Language:English
Published: New York : RSD Publishing, [2011]
Subjects:

MARC

Tag First Indicator Second Indicator Subfields
LEADER 00000cam a2200000Ia 4500
001 in00002785761
005 20151202171714.0
008 110914s2011 nyua 001 0 eng
020 |a 9780982612859 (hbk.) 
020 |a 0982612850 (hbk.) 
035 |a (OCoLC)ocn752256109 
040 |a SISPL  |c SISPL  |d YDX  |d BWK  |d TXA  |d UtOrBLW 
049 |a TXAM 
090 |a NK2195.S89  |b P44 2011 
100 1 |a Pegler, Martin M. 
245 1 0 |a Store presentation & design.  |n No. 4 /  |c Martin M. Pegler. 
246 3 |a Store presentation and design 
264 1 |a New York :  |b RSD Publishing,  |c [2011] 
264 4 |c ©2011 
300 |a 224 pages :  |b color illustrations ;  |c 29 cm. 
336 |a text  |b txt  |2 rdacontent 
337 |a unmediated  |b n  |2 rdamedia 
338 |a volume  |b nc  |2 rdacarrier 
500 |a Includes index. 
650 0 |a Display of merchandise. 
650 0 |a Store decoration. 
948 |a cataloged  |b h  |c 2012/12/11  |d c  |e dmitchel  |f 9:44:28 am 
994 |a C0  |b TXA 
999 |a MARS 
999 f f |s 40a70cc2-86eb-3bea-bad0-d2b3628d1db3  |i 428dce9b-1fc1-3876-8efb-228c5ba3a863  |t 0 
952 f f |p ric  |a Texas A&M University  |b Rellis Campus  |c Joint Library Facility  |d Remote Storage  |t 0  |e NK2195.S89 P44 2011  |h Library of Congress classification  |i unmediated -- volume  |m A14838743906 
998 f f |a NK2195.S89 P44 2011  |t 0  |l Remote Storage